01575nam a2200337 i 4500001001000000003000900010005001700019007000300036008004100039040003000080041000800110082002400118100004800142245008300190264005600273300002700329336002700356337003300383338002800416500007200444590002700516650002800543650003100571700004500602910004900647942001400696952020900710952014200919952015901061999001701220000025121DO-SdBNP20251008082333.0ta110210s19uu dr r 000 p spa d aDO-SdBNPbspacBNPHUerda aspa 4aRD861.44bJ61an2221 aJiménez, Felixd1949-eautor4aut.93375710aAnhelos, amores y desvelo /cFélix Jiménez ; ilustraciones, Elsa Núñez 1aSanto Domingo :bEditora Amigo del hogar,c[199-?]. a65 páginas ;c23 cm. atextobtxt2rdacontent asin mediaciónbn2rdamedia avolumenbnc2rdacarrier aIncluye datos biográficos del autor en la solapa de la cubierta.  aInventariado, 2025/ YL 4aPoesía dominicana966 4aLiteratura dominicana.9671 aNúñez, Elsaeilustradora4il.988660 aYlockward. Validado. Control de calidad /MAA 2ddccLBS1 00102ddc51708PDaBNPHUbBNPHUcHDd2011-02-10l0oBNPHU PD RD861.44 J61anp25121-10r2020-06-25w2020-06-25yLBS1zPerteneció a la biblioteca personal de Juan Isidro Jimenes Grullón.ZNo se presta 00102ddc51708PDaBNPHUbBNPHUcHDd2011-02-10l0oBNPHU PD RD861.44 J61anp25121-20r2020-06-25te. 2w2020-06-25yLBS1ZNo se presta 00102ddc56708DSaBNPHUbBNPHUcHDd2023-11-22eDonado por Monica Despradell0oBNPHU DS RD861.44 J61anp2025-11042r2025-10-06te. 3w2020-06-25yLBS1 c24614d24614